[Event "Tourn. n8748"]
[Site "www.chess-mail.com"]
[Date "2016.05.29"]
[Round "1"]
[White "Pimpampum"]
[Black "Derfel83"]
[WhiteElo "2030"]
[BlackElo "2010"]
[Result "1/2-1/2"]
[Round "1"]
1.Ng1f3 Ng8f6
2.c4 e6
3.g3 b6
4.Bf1g2 Bc8b7
5.O-O Nb8c6
6.Nb1c3 d5
7.Qd1a4 Qd8d7
8.d3 Bf8e7
9.Bc1f4 d4
10.Nf3xd4 Nc6xd4
11.Qa4xd7 Nf6xd7
12.Bg2xb7 Ra8b8
13.Bb7g2 Be7d6
14.Bf4xd6 cxd6
15.e3 Nd4f5
16.Bg2c6 Ke7
17.d4 Rb8c8
18.Bc6xd7 Kxd7
19.b3 a6
20.Rf1c1 g5
21.Nc3e4 h6
22.Rc1c2 Ke7
23.Ra1c1 f6
24.Kf1 h5
25.Kg2 g4
26.Ne4c3 h4
27.Nc3a4 hxg3
28.hxg3 b5
29.cxb5 Rc8xc2
30.Rc1xc2 axb5
31.Na4c3 Rh8b8
32.a4 bxa4
33.bxa4 d5
34.Rc2a2 Nf5d6
35.a5 Rb8a8
36.Kf1 Ra8a6
37.Ke2 Nd6c4
38.e4 dxe4
39.Nc3xe4 Ra6xa5
40.Ra2c2 Ra5a4
41.Ne4c5 Ra4b4
42.Nc5d3 Rb4a4
43.Nd3c5 { draw }
1/2-1/2

[Event "Tourn. n8762"]
[Site "www.chess-mail.com"]
[Date "2016.05.29"]
[Round "1"]
[White "Hundegana"]
[Black "Derfel83"]
[WhiteElo "2000"]
[BlackElo "2100"]
[Result "1-0"]
[Round "1"]
1.f4 e6
2.g3 Nb8c6
3.Ng1f3 b6
4.Bf1g2 Bf8c5
5.e3 Ng8f6
6.Nb1c3 Bc8b7
7.a3 a5
8.O-O O-O
9.d4 Bc5e7
10.Rf1e1 Ra8b8
11.e4 Nf6g4
12.h3 Ng4f6
13.e5 Nf6h5
14.Kh2 g6
15.d5 exd5
16.Nc3xd5 Be7c5
17.g4 Nh5g7
18.c3 Ng7e6
19.Nd5f6 Kg7
20.Qd1xd7 Qd8e7
21.Qd7xe7 Nc6xe7
22.Nf6d7 Ne7d5
23.Nd7xb8 Rf8xb8
24.Kg3 Bc5f2
25.Kxf2 Nd5xf4
26.Bc1xf4 Ne6xf4
27.Ra1d1 { resign }
1-0

[Event "Tourn. n8780"]
[Site "www.chess-mail.com"]
[Date "2016.05.29"]
[Round "1"]
[White "Picifarkinca"]
[Black "Masterchess"]
[WhiteElo "1780"]
[BlackElo "1800"]
[Result "1-0"]
[Round "1"]
1.Ng1f3 d5
2.b3 c5
3.e3 Ng8f6
4.Bc1b2 a6
5.Bf1e2 Nb8c6
6.O-O Bc8g4
7.d3 e6
{ time. }
1-0

[Event "Tourn. n8695"]
[Site "www.chess-mail.com"]
[Date "2016.05.29"]
[Round "1"]
[White "Nikas"]
[Black "Coventry"]
[WhiteElo "1960"]
[BlackElo "1850"]
[Result "1-0"]
[Round "1"]
1.e4 d6
2.d4 Ng8f6
3.Nb1c3 g6
4.Ng1f3 Bf8g7
5.Bf1e2 O-O
6.O-O a6
7.h3 c5
8.dxc5 dxc5
9.Qd1xd8 Rf8xd8
10.Bc1e3 b6
11.Rf1d1 Rd8e8
12.e5 Nf6d7
13.Be3f4 Bc8b7
14.e6 fxe6
15.Nf3g5 Nd7f8
16.Be2c4 h6
17.Ng5xe6 Nf8xe6
18.Bc4xe6 Kh7
19.Nc3a4 Ra8a7
20.c3 g5
21.Be6f5 Kh8
22.Bf4e3 e6
23.Bf5g6 Re8f8
24.Na4xb6 { resign }
1-0

[Event "Tourn. n8730"]
[Site "www.chess-mail.com"]
[Date "2016.05.29"]
[Round "1"]
[White "Derfel83"]
[Black "Coventry"]
[WhiteElo "1950"]
[BlackElo "1950"]
[Result "1-0"]
[Round "1"]
1.e4 c6
2.d4 d5
3.Nb1c3 g6
4.e5 Bf8g7
5.f4 h5
6.h3 Ng8h6
7.Bf1d3 Bc8f5
8.Ng1f3 Bf5xd3
9.Qd1xd3 O-O
10.Bc1d2 Nh6f5
11.O-O-O e6
12.g4 hxg4
13.hxg4 Nf5e7
14.Rh1h3 Qd8c7
15.Rd1h1 Rf8d8
16.Qd3e2 b6
17.Qe2h2 Kf8
18.Rh3h7 Ne7g8
19.f5 exf5
20.gxf5 Ng8e7
{ time. }
1-0

[Event "Tourn. n8697"]
[Site "www.chess-mail.com"]
[Date "2016.05.29"]
[Round "1"]
[White "Sorren"]
[Black "Drawmaster"]
[WhiteElo "1860"]
[BlackElo "1670"]
[Result "0-1"]
[Round "1"]
1.e4 e5
2.Ng1f3 d6
3.d4 exd4
4.Nf3xd4 Ng8f6
5.Nb1c3 Bf8e7
6.Bf1e2 O-O
7.O-O a6
8.Bc1e3 c5
9.Nd4f3 Nb8c6
10.Qd1d2 Nf6g4
11.Be3f4 Ng4e5
12.Nf3xe5 dxe5
13.Qd2xd8 Rf8xd8
14.Bf4e3 Nc6d4
15.Be3xd4 cxd4
16.Nc3d5 Kf8
17.Ra1d1 Bc8e6
18.Nd5c7 Ra8c8
19.Nc7xe6 fxe6
20.Be2g4 Rc8xc2
21.Bg4xe6 Be7f6
22.f4 exf4
23.Rf1xf4 Ke7
24.Be6d5 Rc2xb2
25.Rd1e1 Rd8f8
26.e5 Bf6g5
27.Rf4xf8 Kxf8
28.e6 Bg5e3
29.Kh1 Ke7
30.h3 b5
 { time }
0-1

[Event "Tourn. n8659"]
[Site "www.chess-mail.com"]
[Date "2016.05.29"]
[Round "1"]
[White "Osopanda"]
[Black "Difficult"]
[WhiteElo "2060"]
[BlackElo "1890"]
[Result "0-1"]
[Round "1"]
1.d4 Ng8f6
2.c4 e6
3.Ng1f3 b6
4.Nb1c3 Bc8b7
5.d5 exd5
6.cxd5 Bf8b4
7.Bc1d2 O-O
8.g3 d6
9.e4 Bb4xc3
10.Bd2xc3 Nf6xe4
11.Bf1g2 Ne4xc3
12.bxc3 Rf8e8
13.Kf1 Bb7a6
14.Kg1 Nb8d7
15.h3 Ba6e2
16.Qd1a4 Nd7c5
17.Qa4h4 Be2xf3
18.Qh4xd8 Ra8xd8
19.Bg2xf3 g6
20.Kg2 Re8e7
21.Rh1e1 Rd8e8
22.Re1xe7 Re8xe7
23.a4 a5
24.h4 Kg7
25.h5 Kf6
26.hxg6 hxg6
27.Kf1 Nc5e4
28.Bf3xe4 Re7xe4
29.Kg2 Re4c4
30.Ra1a3 Ke5
31.f4 Kxd5
32.Kf3 Kc5
33.Ke3 d5
34.g4 c6
35.f5 gxf5
36.gxf5 Rc4e4
37.Kd3 Re4f4
38.Ra3a1 Rf4f3
39.Kd2 Rf3xf5
40.Ra1e1 f6
41.Re1e3 Rf5e5
42.Re3xe5 fxe5
43.Kd3 Kd6
44.c4 dxc4
45.Kxc4 b5
46.axb5 cxb5
47.Kxb5 e4
48.Kc4 Ke5
{ resign }
0-1

[Event "Tourn. n8657"]
[Site "www.chess-mail.com"]
[Date "2016.05.29"]
[Round "1"]
[White "Cardiff"]
[Black "Cal"]
[WhiteElo "1600"]
[BlackElo "1770"]
[Result "0-1"]
[Round "1"]
1.d4 d5
2.Bc1f4 Nb8c6
3.e3 h6
4.Ng1f3 Ng8f6
5.Bf1b5 Bc8g4
6.Nb1d2 e6
7.h3 Bg4h5
8.c4 Bh5xf3
9.Qd1xf3 Qd8d7
10.cxd5 exd5
11.a3 Bf8d6
12.Bf4xd6 Qd7xd6
13.O-O O-O
14.Ra1c1 a6
15.Bb5xc6 bxc6
16.Nd2b3 Nf6e4
17.Nb3c5 Ne4d2
18.Qf3g4 Nd2xf1
19.Kxf1 a5
20.Nc5d3 Qd6h2
21.Rc1e1 f5
22.Qg4f4 Qh2h1
23.Ke2 Qh1xg2
24.Qf4xc7 f4
25.Nd3xf4 Qg2e4
26.Qc7xc6 Ra8d8
27.Qc6e6 Kh8
28.Qe6xe4 dxe4
29.Nf4e6 Kh7
30.Ne6xd8 Rf8xd8
31.Re1c1 Rd8d6
32.Rc1c5 Rd6b6
33.Rc5c2 a4
34.d5 Rb6d6
35.Rc2c4 Rd6b6
36.Rc4c2 Rb6d6
37.Rc2c4 Rd6xd5
38.Rc4xa4 Rd5b5
39.Ra4b4 Rb5e5
40.b3 h5
41.a4 Kg6
42.Rb4b5 Re5e8
43.a5 Re8a8
44.b4 Kh6
45.Rb5b6 g6
46.a6 h4
47.b5 Kh5
48.Rb6b7 Kg5
49.Rb7e7 Kf5
50.Re7c7 { time. }
0-1

[Event "Tourn. n8798"]
[Site "www.chess-mail.com"]
[Date "2016.05.29"]
[Round "1"]
[White "Yangqi"]
[Black "Jhzes"]
[WhiteElo "2660"]
[BlackElo "1960"]
[Result "1/2-1/2"]
[Round "1"]
1.e4 e5
2.f4 exf4
3.Bf1e2 g6
4.Ng1f3 Bf8g7
5.d4 d5
6.e5 Bg7h6
7.Nb1c3 Bc8e6
8.Be2b5 c6
9.Bb5d3 g5
10.h4 g4
11.Nf3g5 Bh6xg5
12.hxg5 Qd8xg5
13.Nc3e2 { draw }
1/2-1/2

[Event "Tourn. n8724"]
[Site "www.chess-mail.com"]
[Date "2016.05.29"]
[Round "1"]
[White "Faerieking"]
[Black "Julian"]
[WhiteElo "2240"]
[BlackElo "2090"]
[Result "1-0"]
[Round "1"]
1.e4 c5
2.Ng1f3 d6
3.d4 cxd4
4.Nf3xd4 Ng8f6
5.Nb1c3 a6
6.Bc1g5 e6
7.f4 Bf8e7
8.g4 Qd8c7
9.Bg5xf6 Be7xf6
10.g5 Bf6e7
11.Qd1h5 O-O
12.O-O-O Nb8c6
13.Nd4b3 g6
14.Qh5f3 b5
15.h4 Ra8b8
16.a3 b4
17.axb4 Rb8xb4
18.Bf1d3 Bc8b7
19.Rd1g1 a5
20.h5 f5
21.hxg6 hxg6
22.Qf3h3 Kf7
23.Qh3h7 Ke8
24.Qh7xg6 Kd7
25.exf5 exf5
26.Bd3xf5 Kd8
27.Nc3d5 Qc7b8
28.Nd5xb4 axb4
29.Rg1d1 Kc7
30.Rh1h7 Kb6
31.Qg6e6 Bb7c8
32.Qe6e3 Kb5
33.Bf5d3 Ka4
34.Kd2 Qb8a8
35.Rd1a1 { resign }
1-0

[Event "Tourn. n8687"]
[Site "www.chess-mail.com"]
[Date "2016.05.29"]
[Round "1"]
[White "Milkyway"]
[Black "Osopanda"]
[WhiteElo "1809"]
[BlackElo "1990"]
[Result "0-1"]
[Round "1"]
1.d4 d5
2.Ng1f3 e6
3.e3 Ng8f6
4.Bf1d3 Bf8d6
5.O-O O-O
6.Nb1d2 c5
7.c3 Nb8c6
8.dxc5 Bd6xc5
9.Nd2b3 Bc5d6
10.Bc1d2 e5
11.Bd3b5 a6
12.Bb5xc6 bxc6
13.Ra1c1 Qd8e7
14.c4 dxc4
15.Rc1xc4 Bc8b7
16.Nb3a5 e4
17.Nf3d4 Qe7e5
18.g3 Ra8b8
19.Bd2c3 Qe5h5
20.Qd1xh5 Nf6xh5
21.Na5xb7 Rb8xb7
22.Rc4xc6 Rf8d8
23.Rf1d1 Bd6b4
24.Bc3xb4 Rb7xb4
25.b3 Nh5f6
26.Rc6xa6 h5
27.Rd1c1 Rb4b7
28.h3 Nf6d7
29.Rc1c6 Nd7e5
30.Rc6c5 Ne5f3
31.Nd4xf3 exf3
32.Rc5f5 Rd8d1
33.Kh2 g6
34.Rf5xf3 Kg7
35.e4 Rb7c7
36.Rf3e3 Rc7c2
37.Kg2 Rd1d2
38.Re3f3 Rc2xa2
39.Ra6a7 Ra2xa7
{ resign }
0-1

[Event "Tourn. n8761"]
[Site "www.chess-mail.com"]
[Date "2016.05.29"]
[Round "1"]
[White "Claudia"]
[Black "Bojan"]
[WhiteElo "1830"]
[BlackElo "1850"]
[Result "1-0"]
[Round "1"]
1.d4 g6
2.c4 d5
3.Nb1c3 dxc4
4.e4 Bf8g7
5.Bc1e3 c6
6.Bf1xc4 Nb8d7
7.Ng1f3 Nd7b6
8.Bc4d3 Bc8d7
9.O-O Ng8h6
10.h3 f6
11.Qd1d2 Nh6f7
12.Nf3h2 h5
13.f4 Nf7d6
14.e5 Nd6c4
15.Bd3xg6 Kf8
16.Qd2e2 Nc4xe3
17.Qe2xe3 Bd7e6
18.f5 Nb6d5
19.Qe3g3 Be6f7
20.e6 Bf7xg6
21.Qg3xg6 Nd5e3
22.Qg6f7 { resign }
1-0

[Event "Match"]
[Site "www.echecsemail.com"]
[Date "2016.05.29"]
[Round "1"]
[White "Cardiff"]
[Black "Susov"]
[WhiteElo "1730"]
[BlackElo "1880"]
[Result "0-1"]
[Round "1"]
1.e4 e5
2.Ng1f3 Nb8c6
3.Bf1c4 h6
4.d4 exd4
5.Nf3xd4 Nc6xd4
6.Qd1xd4 Ng8e7
7.O-O Ne7c6
8.Qd4d1 Bf8c5
9.Bc4xf7 Kxf7
10.Qd1d5 Ke8
11.Qd5xc5 d6
12.Qc5h5 Kf8
13.Qh5f3 Qd8f6
14.Qf3xf6 gxf6
15.c3 Nc6e5
16.Nb1d2 Bc8e6
17.Nd2b3 { time. }
0-1

[Event "Match"]
[Site "www.echecsemail.com"]
[Date "2016.05.29"]
[Round "1"]
[White "Mars91"]
[Black "Micheles"]
[WhiteElo "2089"]
[BlackElo "2530"]
[Result "0-1"]
[Round "1"]
1.e4 c6
2.d3 d5
3.Nb1d2 e5
4.g3 Ng8f6
5.Bf1g2 Bf8d6
6.Ng1e2 O-O
7.O-O Rf8e8
8.exd5 cxd5
9.Ne2c3 Bc8e6
10.Nd2f3 Nb8c6
11.Nf3g5 Be6g4
12.f3 Bg4f5
13.Ng5h3 Ra8c8
14.Bc1g5 Qd8b6
15.Kh1 Qb6xb2
16.Nc3a4 Qb2a3
17.Bg5xf6 gxf6
18.c3 d4
19.c4 Bf5xd3
{ resign }
0-1

[Event "Match"]
[Site "www.echecsemail.com"]
[Date "2016.05.29"]
[Round "1"]
[White "Chapi"]
[Black "Jhzes"]
[WhiteElo "2130"]
[BlackElo "1960"]
[Result "1-0"]
[Round "1"]
1.d4 e6
2.c4 c5
3.Ng1f3 f6
4.d5 exd5
5.cxd5 b5
6.e4 a6
7.Bc1e3 d6
8.a4 b4
9.b3 Bc8d7
10.Nb1d2 f5
11.e5 dxe5
12.Nf3xe5 g5
13.Qd1h5 Ke7
14.Be3xg5 Ng8f6
15.Bg5xf6 Kxf6
16.Qh5h4 { resign }
1-0

[Event "Match"]
[Site "www.echecsemail.com"]
[Date "2016.05.29"]
[Round "1"]
[White "Toblakay"]
[Black "Blackpool"]
[WhiteElo "1959"]
[BlackElo "1740"]
[Result "1-0"]
[Round "1"]
1.d4 Ng8f6
2.c4 g6
3.Nb1c3 Bf8g7
4.e4 d6
5.Bf1d3 O-O
6.Ng1e2 e5
7.d5 c6
8.Ra1b1 a5
9.O-O Nb8a6
10.a3 Na6c5
11.Bd3c2 cxd5
12.cxd5 Ra8b8
13.b4 axb4
14.axb4 Nc5a6
15.Bc1g5 h6
16.Bg5d2 Bc8d7
17.Kh1 Na6c7
18.b5 Nc7xb5
{ time. }
1-0

[Event "Match"]
[Site "www.echecsemail.com"]
[Date "2016.05.29"]
[Round "1"]
[White "Jhzes"]
[Black "Bojan"]
[WhiteElo "1960"]
[BlackElo "1920"]
[Result "0-1"]
[Round "1"]
1.e4 e5
2.Ng1f3 Nb8c6
3.Bf1c4 h6
4.d4 exd4
5.Nf3xd4 Nc6e5
6.Bc4b3 Ng8f6
7.f4 Ne5g6
8.f5 Ng6e5
9.Nb1c3 Bf8b4
10.Nd4e2 Nf6xe4
11.Bc1e3 d6
12.Qd1d4 Ne4xc3
13.Ne2xc3 Bb4c5
14.Qd4e4 Bc5xe3
15.Qe4xe3 Bc8xf5
16.O-O Bf5g6
17.Nc3b5 O-O
18.Nb5xa7 c6
19.Ra1d1 Rf8e8
20.Qe3d4 d5
21.Rf1e1 Qd8g5
22.h4 Ne5f3
23.Kf1 Re8xe1
24.Rd1xe1 Nf3xd4
25.hxg5 Nd4xb3
26.cxb3 Ra8xa7
27.a4 hxg5
28.g4 Bg6c2
29.Re1e3 d4
30.Re3e5 f6
31.Re5e8 Kf7
32.Re8d8 d3
33.Ke1 g6
34.Kd2 Ra7a5
35.Rd8d7 Ke6
36.Rd7xb7 f5
37.gxf5 gxf5
38.Rb7h7 c5
39.Rh7h6 Ke5
40.Rh6h5 g4
41.Rh5h8 Ke4
42.Rh8e8 Kf3
43.Re8e5 f4
44.b4 Ra5xa4
45.bxc5 g3
46.c6 g2
47.Re5g5 Kf2
48.c7 Ra4c4
{ resign }
0-1

[Event "Match"]
[Site "www.echecsemail.com"]
[Date "2016.05.29"]
[Round "1"]
[White "Ztornad"]
[Black "Gilliere"]
[WhiteElo "1770"]
[BlackElo "1940"]
[Result "0-1"]
[Round "1"]
1.e3 e5
2.Bf1c4 d6
3.Qd1f3 Ng8f6
4.h3 Nb8c6
5.b3 Bf8e7
6.Bc4xf7 Kxf7
7.g4 Ke8
8.g5 Nf6d7
9.e4 Be7xg5
10.Ng1e2 Qd8f6
11.Qf3h5 g6
12.Qh5g4 Nd7c5
13.Qg4g2 b6
14.Nb1c3 Nc5e6
15.Nc3d5 Qf6d8
16.d4 Bg5xc1
17.Ra1xc1 Ne6xd4
18.Ne2c3 Bc8e6
19.h4 Be6xd5
20.Nc3xd5 Rh8f8
21.h5 Nd4f3
22.Kd1 g5
23.c4 h6
24.Qg2h3 Qd8d7
25.Qh3g3 O-O-O
26.Rc1c3 Nc6d4
27.Rc3d3 Kb7
28.a4 c6
29.Nd5c3 Nd4xb3
30.Rh1h3 g4
31.Rh3h1 Nb3c5
32.Rd3e3 Rf8f7
33.Nc3e2 Rd8f8
34.a5 bxa5
35.Rh1f1 Qd7e6
36.Re3c3 Nc5xe4
37.Rc3b3 Kc7
38.Ne2c1 Qe6xc4
39.Rb3d3 Ne4xg3
40.fxg3 Qc4a4
41.Ke2 Nf3d4
42.Rd3xd4 Qa4xd4
43.Rf1xf7 Rf8xf7
44.Nc1d3 e4
45.Nd3f4 Rf7xf4
46.gxf4 Qd4d3
47.Kf2 Qd3f3
48.Ke1 Qf3g2
49.Kd1 e3
 { time }
0-1

[Event "Match"]
[Site "www.echecsemail.com"]
[Date "2016.05.29"]
[Round "1"]
[White "Thecellist"]
[Black "Pare123"]
[WhiteElo "1809"]
[BlackElo "2000"]
[Result "0-1"]
[Round "1"]
1.e4 g6
2.d4 Bf8g7
3.Nb1c3 e6
4.Bc1e3 Nb8c6
5.Qd1d2 d6
6.f4 Ng8f6
7.Ng1f3 a6
8.O-O-O b5
 { time }
0-1

[Event "Match"]
[Site "www.echecsemail.com"]
[Date "2016.05.29"]
[Round "1"]
[White "Masterchess"]
[Black "Guidom"]
[WhiteElo "1800"]
[BlackElo "2040"]
[Result "0-1"]
[Round "1"]
1.d4 d5
2.Bc1f4 c6
3.c3 Bc8f5
4.Qd1b3 Qd8b6
5.Nb1d2 Nb8d7
6.e3 e6
7.Ng1f3 Ng8f6
8.Bf1e2 Bf8e7
9.O-O O-O
10.Nf3e5 Nd7xe5
11.Bf4xe5 Nf6d7
12.Be5g3 { time. }
0-1

[Event "Match"]
[Site "www.echecsemail.com"]
[Date "2016.05.29"]
[Round "1"]
[White "Asoka"]
[Black "Chessnadja"]
[WhiteElo "2730"]
[BlackElo "2649"]
[Result "1/2-1/2"]
[Round "1"]
1.c4 Nb8c6
2.d4 d5
3.Ng1f3 Bc8g4
4.Nb1c3 e6
5.cxd5 exd5
6.Bc1g5 Bf8e7
7.Bg5xe7 Qd8xe7
8.Nc3xd5 Qe7d7
9.Nd5c3 Bg4xf3
10.gxf3 Qd7xd4
11.Qd1b3 Qd4b6
12.Qb3xb6 axb6
13.e3 Ng8f6
14.a3 Nc6d8
15.Nc3b5 Nd8e6
16.f4 { draw }
1/2-1/2

[Event "Match"]
[Site "www.echecsemail.com"]
[Date "2016.05.29"]
[Round "1"]
[White "Jhzes"]
[Black "Bojan"]
[WhiteElo "1960"]
[BlackElo "1920"]
[Result "1-0"]
[Round "1"]
1.d4 g6
2.Bc1f4 Bf8g7
3.Nb1c3 b6
4.Nc3b5 d6
5.e4 a6
6.Nb5c3 c6
7.g4 e5
8.Bf4e3 Ng8f6
9.f3 O-O
10.dxe5 dxe5
11.Qd1xd8 Rf8xd8
12.Be3xb6 Rd8d7
13.Bf1h3 Rd7b7
14.Nc3a4 Nb8d7
15.g5 Nd7xb6
16.Na4xb6 Rb7xb6
17.gxf6 Bg7xf6
18.Bh3xc8 Ra8xc8
19.O-O-O Rc8b8
20.b3 Rb8b7
21.Ng1e2 a5
22.a4 c5
23.Ne2c3 Bf6g5
24.Kb2 c4
25.Nc3b5 cxb3
26.cxb3 Kf8
27.Rd1d5 Bg5f4
28.h4 Ke7
29.h5 Rb6c6
30.hxg6 hxg6
31.Rh1h8 Rb7d7
32.Rh8a8 Rd7xd5
33.exd5 Rc6c5
34.d6 Ke6
35.Ra8xa5 f5
36.b4 Rc5d5
37.Nb5c7 Kxd6
38.Nc7xd5 Bf4d2
39.Nd5c3 g5
40.Ra5d5 Ke6
41.Rd5xd2 { resign }
1-0

[Event "Match"]
[Site "www.echecsemail.com"]
[Date "2016.05.29"]
[Round "1"]
[White "Watford"]
[Black "Redabond"]
[WhiteElo "1580"]
[BlackElo "1550"]
[Result "0-1"]
[Round "1"]
1.Ng1f3 d5
2.g3 Bc8f5
3.Bf1g2 Nb8c6
4.d3 Ng8f6
5.O-O e6
6.b3 Bf8c5
7.Bc1b2 { time. }
0-1

[Event "Match"]
[Site "www.echecsemail.com"]
[Date "2016.05.29"]
[Round "1"]
[White "Ericleo1980"]
[Black "Jhzes"]
[WhiteElo "2210"]
[BlackElo "1809"]
[Result "1-0"]
[Round "1"]
1.e4 d5
2.exd5 Ng8f6
3.d4 Qd8xd5
4.Nb1c3 Qd5e6
5.Bf1e2 Nf6g4
6.Ng1f3 f6
7.O-O Qe6d6
8.Rf1e1 Bc8d7
9.a3 a6
10.b4 e5
11.h3 Ng4h6
12.Bc1xh6 gxh6
13.dxe5 fxe5
14.Nf3xe5 Bf8g7
15.Be2h5 Kf8
16.Ne5xd7 Nb8xd7
17.Qd1f3 Bg7f6
18.Ra1d1 Nd7e5
19.Qf3f5 Qd6c6
20.Re1xe5 Kg8
21.Re5e6 Qc6xc3
22.Re6xf6 Qc3xa3
23.Qf5g4 { resign }
1-0

[Event "Match"]
[Site "www.echecsemail.com"]
[Date "2016.05.29"]
[Round "1"]
[White "Hundegana"]
[Black "Jhzes"]
[WhiteElo "1970"]
[BlackElo "1809"]
[Result "1-0"]
[Round "1"]
1.f4 d5
2.g3 c5
3.Ng1f3 Ng8f6
4.h3 Nb8c6
5.c3 Bc8e6
6.Qd1a4 Nf6d7
7.Bf1g2 Nd7b6
8.Qa4c2 g6
9.d3 Bf8g7
10.O-O h6
11.Bc1e3 d4
12.cxd4 cxd4
13.Be3d2 Ra8c8
14.Qc2d1 Qd8d7
15.Kh2 g5
16.fxg5 hxg5
17.Nf3xg5 Be6d5
18.Bg2xd5 Nb6xd5
19.Rf1xf7 Bg7f6
20.Rf7xf6 exf6
21.Qd1f1 fxg5
22.Bd2xg5 Nc6b4
23.Nb1d2 Rc8c2
24.a3 Nb4c6
25.Ra1b1 Rh8f8
26.Qf1g2 Qd7e6
27.h4 Nd5e3
28.Bg5xe3 Qe6xe3
29.Qg2e4 Qe3xe4
30.Nd2xe4 Rc2xe2
31.Kh3 Nc6e5
32.Ne4d6 Kd7
33.Nd6xb7 Rf8f2
34.Rb1h1 Ne5xd3
35.b4 Re2e3
36.Nb7c5 Nd3xc5
37.bxc5 Re3xa3
38.h5 Ra3a6
39.g4 Ra6h6
40.Kg3 Rh6f6
41.h6 Rf6f3
42.Kh4 Rf3f8
43.Kh5 Ke6
44.g5 Rf2f5
45.h7 Rf5xc5
46.Kh6 Rc5c7
47.g6 Rc7c8
48.Rh1g1 Rf8f6
49.Kg7 d3
50.Rg1e1 Kd5
51.Kxf6 Rc8c6
52.Kg7 Rc6c7
53.Kh6 { resign }
1-0

[Event "Match"]
[Site "www.echecsemail.com"]
[Date "2016.05.29"]
[Round "1"]
[White "Jhzes"]
[Black "Whitekknight"]
[WhiteElo "1809"]
[BlackElo "1910"]
[Result "0-1"]
[Round "1"]
1.Ng1f3 d5
2.g3 Nb8c6
3.d4 Bc8f5
4.a3 Ng8f6
5.b4 a6
6.Bc1b2 g6
7.Bf1g2 Bf8g7
8.Nf3e5 Nc6xe5
9.dxe5 Nf6d7
10.Qd1xd5 c6
11.Qd5b3 Nd7xe5
12.O-O O-O
13.Kh1 Bf5e6
14.Qb3c3 f6
15.Nb1d2 Qd8e8
16.Rf1d1 Qe8f7
17.Nd2e4 Ra8d8
18.Ne4c5 Be6c8
19.Bg2f1 Ne5g4
20.Rd1xd8 Rf8xd8
21.Qc3f3 Qf7d5
22.e4 Qd5d6
23.Bf1e2 Ng4e5
24.Bb2xe5 Qd6xe5
25.Ra1a2 b6
26.Nc5d3 Qe5e6
27.Ra2b2 Qe6h3
28.Nd3f4 Rd8d1
{ resign }
0-1

[Event "1/128 Finale"]
[Site "www.chess-mail.com"]
[Date "2016.05.29"]
[Round "1"]
[White "Gandalf"]
[Black "Egdiogel"]
[WhiteElo "1610"]
[BlackElo "2240"]
[Result "0-1"]
[Round "1"]
1.Ng1f3 Ng8f6
2.g3 g6
3.b3 Bf8g7
4.Bc1b2 d5
5.Bf1g2 O-O
6.O-O c6
7.d3 Rf8e8
8.Nb1d2 Nb8d7
9.c4 e6
10.Qd1c2 e5
11.cxd5 cxd5
12.Ra1c1 b6
13.Qc2c7 Qd8e7
14.Qc7c6 Ra8b8
15.a3 Bc8b7
16.Qc6a4 a6
17.Rc1c7 Qe7d6
18.Rf1c1 Nd7c5
19.Rc7xc5 bxc5
20.b4 cxb4
21.axb4 Nf6d7
 { time }
0-1

[Event "1/128 Finale"]
[Site "www.chess-mail.com"]
[Date "2016.05.29"]
[Round "1"]
[White "Blackpool"]
[Black "Oroden"]
[WhiteElo "1760"]
[BlackElo "1809"]
[Result "0-1"]
[Round "1"]
1.c4 Ng8f6
2.Ng1f3 c5
3.d4 cxd4
4.Nf3xd4 Nb8c6
5.Nb1c3 e6
6.a3 Bf8e7
7.e4 O-O
8.Bf1e2 d5
9.Nd4xc6 bxc6
10.cxd5 cxd5
11.exd5 Nf6xd5
12.Nc3xd5 { time. }
0-1

[Event "Fast Game"]
[Site "www.echecsemail.com"]
[Date "2016.05.29"]
[Round "1"]
[White "Boki84"]
[Black "Picifarkinca"]
[WhiteElo "1480"]
[BlackElo "1819"]
[Result "0-1"]
[Round "1"]
1.e4 c5
2.Ng1f3 e6
3.Nb1c3 a6
4.d4 cxd4
5.Nf3xd4 Qd8c7
6.Bf1e2 Nb8c6
7.Bc1e3 Ng8f6
8.Nd4xc6 Qc7xc6
9.Qd1d4 d6
10.f4 Qc6c7
11.O-O b5
12.Ra1d1 Bc8b7
13.a4 b4
 { time }
0-1

[Event "Tourn. n8776"]
[Site "www.chess-mail.com"]
[Date "2016.05.30"]
[Round "1"]
[White "Rons"]
[Black "Yangqi"]
[WhiteElo "2550"]
[BlackElo "2690"]
[Result "1/2-1/2"]
[Round "1"]
1.e4 e5
2.Ng1f3 Nb8c6
3.Bf1b5 Nc6d4
4.Nf3xd4 exd4
5.O-O g6
6.d3 Bf8g7
7.c3 c6
8.Bb5a4 Ng8e7
9.cxd4 Bg7xd4
10.Nb1d2 O-O
11.Qd1g4 f5
12.Qg4e2 fxe4
13.dxe4 d5
14.h3 Bd4g7
15.Rf1d1 Qd8c7
16.Nd2f3 Kh8
17.Ba4b3 Bc8e6
18.Qe2c2 Be6xh3
19.exd5 Qc7d7
20.Nf3g5 Bh3xg2
21.Kxg2 Qd7g4
22.Kh1 Qg4h4
23.Kg1 Qh4g4
{ draw }
1/2-1/2

[Event "Tourn. n8669"]
[Site "www.chess-mail.com"]
[Date "2016.05.30"]
[Round "1"]
[White "Ejner"]
[Black "Emiondi"]
[WhiteElo "2249"]
[BlackElo "2200"]
[Result "1-0"]
[Round "1"]
1.c4 Ng8f6
2.g3 g6
3.Bf1g2 Bf8g7
4.Nb1c3 d6
5.e4 O-O
6.Ng1e2 e5
7.d3 c6
8.O-O Nb8d7
9.h3 a6
10.Bc1e3 b5
11.Qd1d2 Bc8b7
12.b4 Qd8e7
13.Ra1b1 Ra8c8
14.a4 bxa4
15.Nc3xa4 d5
16.Na4c5 Rc8c7
17.exd5 cxd5
18.Nc5xb7 Rc7xb7
19.cxd5 Rb7b5
20.Ne2c3 Rb5xb4
21.d6 Qe7xd6
22.Nc3e4 Nf6xe4
23.Qd2xb4 Qd6xb4
24.Rb1xb4 Ne4c5
25.Rb4c4 Rf8c8
26.Rf1c1 Bg7f8
27.Bg2b7 Rc8c7
28.Bb7xa6 Nc5xa6
29.Rc4xc7 Na6xc7
30.Rc1xc7 Nd7f6
31.Rc7c8 Kg7
32.Be3c5 Nf6d7
33.Bc5xf8 Nd7xf8
34.Kf1 f6
35.Rc8c7 Kh6
36.Rc7f7 { resign }
1-0

[Event "Tourn. n8667"]
[Site "www.chess-mail.com"]
[Date "2016.05.30"]
[Round "1"]
[White "Numanoid"]
[Black "Marbachess"]
[WhiteElo "2470"]
[BlackElo "2490"]
[Result "0-1"]
[Round "1"]
1.e4 e6
2.d4 d5
3.e5 c5
4.c3 Nb8c6
5.Ng1f3 Bc8d7
6.Bf1e2 Ng8e7
7.O-O Ne7g6
8.g3 f6
9.exf6 Qd8xf6
10.Bc1e3 cxd4
11.Nf3xd4 Bf8d6
12.Nb1d2 Nc6xd4
13.cxd4 O-O
14.f4 Ng6e7
15.Nd2f3 Ne7f5
16.Be3f2 Qf6f7
17.Nf3e5 Bd6xe5
18.dxe5 Bd7c6
19.g4 Qf7g6
20.Bf2c5 h5
21.g5 Rf8d8
22.Be2xh5 Qg6h7
23.Bh5g4 d4
24.Qd1d3 g6
25.Ra1c1 Kf7
 { time }
0-1

[Event "Tourn. n8712"]
[Site "www.chess-mail.com"]
[Date "2016.05.30"]
[Round "1"]
[White "Umutkrc"]
[Black "Matchbox"]
[WhiteElo "2039"]
[BlackElo "1810"]
[Result "0-1"]
[Round "1"]
1.d4 Ng8f6
2.e3 g6
3.Ng1h3 d6
4.Nh3f4 Bf8g7
5.c3 O-O
6.Nb1d2 e5
7.Nf4e2 Nb8c6
8.h3 exd4
9.Ne2xd4 Nc6xd4
10.cxd4 Rf8e8
11.Bf1d3 d5
12.h4 c6
13.h5 Bc8g4
14.Bd3e2 Bg4xe2
15.Qd1xe2 Nf6xh5
16.b3 Bg7xd4
17.Qe2g4 Bd4g7
18.Ra1b1 d4
19.Rh1h3 dxe3
20.Rh3xe3 Re8xe3
21.fxe3 Qd8d3
22.Qg4e2 Qd3xe2
23.Kxe2 Ra8e8
24.g4 Nh5f6
25.Kf3 Nf6d5
26.e4 Nd5c3
27.Rb1b2 Nc3b5
28.Rb2c2 Nb5d4
29.Kg2 Nd4xc2
30.Nd2c4 Re8xe4
31.Kf3 Re4e7
32.Nc4d6 Re7d7
33.Nd6e8 Bg7e5
34.g5 Kf8
35.Ne8f6 Be5xf6
36.gxf6 Rd7d6
37.Bc1g5 Nc2b4
38.a4 Rd6d5
39.Bg5c1 Rd5f5
40.Kg4 Nb4d5
41.Bc1a3 Ke8
{ resign }
0-1

[Event "Tourn. n8806"]
[Site "www.chess-mail.com"]
[Date "2016.05.30"]
[Round "1"]
[White "Nulladies"]
[Black "Daquata"]
[WhiteElo "1499"]
[BlackElo "1710"]
[Result "1-0"]
[Round "1"]
1.d4 Ng8f6
2.Ng1f3 d5
3.Bc1f4 e6
4.c3 c5
5.e3 Nb8c6
6.Nf3e5 Bf8d6
7.Bf1b5 Bc8d7
8.Ne5xf7 { resign }
1-0

[Event "Tourn. n8704"]
[Site "www.chess-mail.com"]
[Date "2016.05.30"]
[Round "1"]
[White "Milkyway"]
[Black "Szustan"]
[WhiteElo "2269"]
[BlackElo "2610"]
[Result "0-1"]
[Round "1"]
1.d4 d5
2.Bc1f4 Ng8f6
3.e3 e6
4.c3 Bf8e7
5.Bf1d3 O-O
6.Ng1f3 Nb8d7
7.h3 c5
8.dxc5 Nd7xc5
9.Bd3e2 Nf6e4
10.O-O f6
11.Nb1d2 e5
12.Bf4h2 Bc8f5
13.Nf3h4 Bf5e6
14.Nd2xe4 Nc5xe4
15.Nh4f3 Ra8c8
16.Nf3d2 Ne4d6
17.Nd2b3 Qd8d7
18.Bh2g3 Rf8d8
19.Nb3d2 Nd6f5
20.Bg3h2 d4
21.exd4 exd4
22.cxd4 Nf5xd4
23.Nd2f3 Nd4xe2
24.Qd1xe2 Be6c4
{ resign }
0-1

[Event "Tourn. n8686"]
[Site "www.chess-mail.com"]
[Date "2016.05.30"]
[Round "1"]
[White "Tonino1"]
[Black "Faerieking"]
[WhiteElo "2290"]
[BlackElo "2200"]
[Result "0-1"]
[Round "1"]
1.d4 Ng8f6
2.Ng1f3 e6
3.e3 d5
4.Bf1d3 c5
5.b3 cxd4
6.exd4 Bf8d6
7.Bc1b2 O-O
8.Nb1d2 Nb8d7
9.O-O b6
10.Qd1e2 Bc8b7
11.Nf3e5 Qd8c7
12.f4 g6
13.g4 Ra8e8
14.h3 Kg7
15.Kg2 Bd6xe5
16.fxe5 Nf6g8
17.g5 h6
18.h4 hxg5
19.hxg5 Ng8e7
20.Rf1f6 Ne7f5
21.Bd3xf5 exf5
22.Ra1h1 Rf8h8
23.Rh1xh8 Re8xh8
24.Nd2f3 Nd7f8
25.Bb2a3 Nf8e6
26.Ba3d6 Qc7c3
27.Qe2f2 Rh8h5
28.Rf6xe6 fxe6
29.Bd6e7 Kf7
30.Be7f6 Qc3a1
31.Nf3g1 Qa1xa2
32.Qf2d2 Qa2b2
33.Ng1e2 a5
34.Qd2c3 Qb2xc3
35.Ne2xc3 Bb7c6
36.Nc3e2 b5
37.c3 a4
38.b4 a3
39.Ne2c1 Rh5h4
40.Nc1a2 Rh4e4
41.Kf2 f4
42.Na2c1 Re4e3
43.Nc1a2 Re3d3
44.Ke2 Rd3h3
 { time }
0-1